000 00588nam a2200205 a 4500
001 66510
003 BD-RjUL
005 20211209081541.0
008 170316r19551953xxua|||| |||| 00| 0 eng d
035 _a(BD-RjUL)66640
040 _aBD-RjUL
_beng
_cBD-RjUL
041 _aeng
082 _223
_a621.48
_bDEA 1955
100 _aDean, Gordon.
_9129939
245 _aAtom waffen oder Isotope? :
_bAufbruch in ein neues Zeitalter /
_cDean, Gordon.
260 _aWien :
_bRudolf Bohmann,
_c1955
300 _a276 p. :
_bill. ;
_c20 cm.
650 _aNuclear engineering
_9196854
942 _2ddc
_cBK
999 _c66510
_d66510